ECONOMIA EMPRESARIAL Y ARQUITECTURA (Registro nro. 30349)
[ vista simple ]
| 000 -LEADER | |
|---|---|
| fixed length control field | 01116nam a2200217 a 4500 |
| 001 - CONTROL NUMBER | |
| control field | 30349 |
| 005 - DATE AND TIME OF LATEST TRANSACTION | |
| control field | 20180713233539.0 |
| 008 - FIXED-LENGTH DATA ELEMENTS--GENERAL INFORMATION | |
| fixed length control field | 140415s2005 mx 000 0 spa d |
| 020 ## - INTERNATIONAL STANDARD BOOK NUMBER | |
| International Standard Book Number | 0072828099 |
| 041 ## - LANGUAGE CODE | |
| Language code of text/sound track or separate title | spa |
| 082 ## - DEWEY DECIMAL CLASSIFICATION NUMBER | |
| Classification number | 658.1 |
| Item number | BRI |
| 100 1# - MAIN ENTRY--PERSONAL NAME | |
| Personal name | BICKEY, JAMES |
| 245 10 - TITLE STATEMENT | |
| Title | ECONOMIA EMPRESARIAL Y ARQUITECTURA |
| 250 ## - EDITION STATEMENT | |
| Edition statement | 3ª EDICIÓN |
| 260 ## - PUBLICATION, DISTRIBUTION, ETC. | |
| Place of publication, distribution, etc. | MEXICO : |
| Name of publisher, distributor, etc. | MC GRAW HILL, |
| Date of publication, distribution, etc. | 2005 |
| 300 ## - PHYSICAL DESCRIPTION | |
| Extent | 821 |
| Dimensions | 20 x 3 x 27 |
| 520 ## - SUMMARY, ETC. | |
| Summary, etc. | ESTE TEXTO ESTÁ CENTRADO EN LOS TEMAS MÁS RELEVANTES Y NECESARIOS PARA LOS FUTUROS DIRECTORES EMPRESARIALES, DE AHÍ QUE SE RELACIONEN LOS TEMAS MICROECONÓMICOS TRADICIONALES (DEMANDA, OFERTA, PRECIO Y TEORÍA DE JUEGOS) Y LOS TEMAS DE DIRECCIÓN EMPRESARIAL (TOMA DE DECISIONES, AUTORIDAD, CENTRALIZACIÓN VS DESCENTRALIZACIÓN, EVALUACIÓN Y RECOMPENSA, SUBCONTRATACIÓN Y TRANSFERENCIA DE PRECIOS), ESTOS SON LOS TEMAS DE MÁS VALOR PARA LOS FUTUROS DIRECTORES. EL LIBRO ANALIZA LOS PROBLEMAS OR |
| 650 14 - SUBJECT ADDED ENTRY--TOPICAL TERM | |
| Topical term or geographic name entry element | ORGANIZACION ADMINISTRACION |
| 700 1# - ADDED ENTRY--PERSONAL NAME | |
| Personal name | Rabasco, María Esther, |
| Relator term | tr. |
| 740 ## - ADDED ENTRY--UNCONTROLLED RELATED/ANALYTICAL TITLE | |
| Uncontrolled related/analytical title | MANAGERIAL ECONOMICS AND ORGANIZATIONAL ARCHITECTURE |
| Withdrawn status | Lost status | Source of classification or shelving scheme | Damaged status | Not for loan | Collection code | Home library | Current library | Shelving location | Date acquired | Source of acquisition | Total Checkouts | Full call number | Barcode | Date last seen | Date last checked out | Price effective from | Koha item type |
|---|---|---|---|---|---|---|---|---|---|---|---|---|---|---|---|---|---|
| Dewey Decimal Classification | General | Tehuacán | Tehuacán | Sala general | 03/12/2013 | Compra | 658.1 BRI | 505014 | 08/01/2025 | 26/09/2017 | 03/12/2013 | Libro | |||||
| Dewey Decimal Classification | General | Tehuacán | Tehuacán | Sala general | 03/12/2013 | Compra | 658.1 BRI | 504847 | 08/01/2025 | 03/12/2013 | Libro |